Tagore's outlook on Indian society / (Record no. 40508)

MARC details
000 -LEADER
fixed length control field 00665 a2200217 4500
005 - DATE AND TIME OF LATEST TRANSACTION
control field 20100810101119.0
010 ## - LCCN (DPL NO)
LC control number ENG-99274
020 ## - INTERNATIONAL STANDARD BOOK NUMBER
Terms of availability 80.00
035 ## - SYSTEM CONTROL NUMBER
System control number EN-82806
037 ## - SOURCE OF ACQUISITION
Source of stock number/acquisition DBAD/PUB
082 ## - DEWEY DECIMAL CLASSIFICATION NUMBER
Classification number 921
100 ## - MAIN ENTRY--PERSONAL NAME
Personal name Vimala, R.
245 ## - TITLE STATEMENT
Title Tagore's outlook on Indian society /
Statement of responsibility, etc by R. Vimala
260 ## - PUBLICATION, DISTRIBUTION, ETC. (IMPRINT)
Place of publication, distribution, etc Chennai
Name of publisher, distributor, etc Narayana Publication
Date of publication, distribution, etc 2010
270 ## - ADDRESS
Address 192, Bell Road
City Chennai
Postal code 5
300 ## - PHYSICAL DESCRIPTION
Extent 109 p.
Dimensions 20cm.(pbk)
500 ## - GENERAL NOTE
General note Includes bibliographical references
700 ## - ADDED ENTRY--PERSONAL NAME
9 (RLIN) 9757
942 ## - ADDED ENTRY ELEMENTS (KOHA)
Institution code [OBSOLETE] dpl
Item type English Books
Source of classification or shelving scheme Dewey Decimal Classification
Call number suffix VIM
Classification part 921
Holdings
Withdrawn status Lost status Not for loan Collection code Home library Current library Date acquired Cost, normal purchase price Full call number Barcode Copy number Cost, replacement price Koha item type
    Not For Loan Non-fiction D.B.Act.Division D.B.Act.Division 10/08/2010 80.00 921 VIM EN-82806 1 80.00 English Books

© Delhi Public Library
Hit Counter
free hit counter